00970 2200325 4500001002100000005001500021035002000036007000300056008004100059020002200100040002200122082001400144084001600158090001900174100003500193245008900228250002600317300003800343650002700381700002200408850001200430041000800442504003300450264004700483336002100530337003000551338002300581990002000604990002000624INLIS00000000085030320190813021656 a0010-0819000205ta190813s2018 yoia g | ind d a978-602-5687-12-9 aYOPDYOGbinderda04223a639.4 a639.4 MEL r aPK 639.4 MEL r0 aMelyani Sudirod1994-epenulis10aRezeki berkembang dari budidaya kerang /cpenulis, Melyani Sudiro; penyunting, Tanti aCetakan pertama, 2018 a120 halaman :bilustrasi ;c21 cm 4akerang--xpemeliharaan aTantiepenyunting aYOPDYOG0 aind aBibliografi: halaman 113-11534aYogyakarta :bTrans Idea Publishing,c2018 2rdacontentateks 2rdamediaatanpa perantara 2rdacarrieravolume a41555-PD/B.2019 a41554-PD/B.2019